MDQL
is popping MORE tags! Check the
thread
!
Quizzes
Events
Quiz Creation
Community
Videos
Private Events
Remove Ads
Sign In
Join for FREE
Feedback
Dark Mode
Quiz Categories
Sports
Geography
Music
Movies
Television
Just For Fun
Miscellaneous
History
Literature
Language
Science
Gaming
Entertainment
Religion
Holiday
For Kids
Quiz Lab
Recent
Popular Today
Quiz Kudos Today
Editor Picks
Curator Picks
Quizzes by...
Day
Popularity
Type
Ratings
Length
Year
Community
Subscriptions
Recent Discussions
Orange Saloon
Badges
Playlists
Quests
Create
Leaderboards
Showdown
Live 5
Trivia Bingo
Activity
Puzzle Library
Sporcle Events
Private Events
Virtual Trivia
Globe League
Become a Host
Pub Owners
SporcleCon
Opinionation
Our Games
Videos
Blog
Mobile Apps
Partnerships
Remove Ads and Go Orange
Feedback
Language
Vocabulary
Begins and Ends
Definition
Spanish
French
German
Italian
Chinese
Latin
Translation
Japanese
Language
Vocabulary
Begins and Ends
Definition
Spanish
French
German
Italian
Chinese
Latin
Translation
Japanese
Random Quiz
Search Sporcle
×
Quiz Lab
Quiz Lab
Language
Latin
Type in answers that appear in a list
Type in answers that appear in a list
Classic
Best Score? Go Orange.
Latin GCSE Vocabulary B+C Stats
Can you name the Latin GCSE Vocabulary B+C?
By
Lauren_1327
20m
67 Questions
21 Plays
21 Plays
21 Plays
Comments
Comments
Give Quiz Kudos
Give Quiz Kudos
-
- Ratings
hide this ad
Replay
Link that replays current quiz
Next Quiz
Link to next quiz in quiz playlist
You Got
0%
They Got
Avg Score
72%
Avg Friend Score
Upgrade to see
Score Distribution
Jump to the score distribution portion of the page
Score
0/67
Timer
20:00
0
Plays Today
Hint
Answer
% Correct
bellum
war
100%
bonus, bona, bonum
good
95.2%
canis
dog
95.2%
caput
head
95.2%
belli
wars
90.5%
bibo
drink
90.5%
caelum
sky
90.5%
caeli
skies
90.5%
canis
dogs
90.5%
capio
took
90.5%
captivus
captive
90.5%
captivi
captives
90.5%
capitis
heads
90.5%
bene
well
85.7%
brevis
brief
85.7%
breve
brief
85.7%
civis
citizen
85.7%
civis
citizens
85.7%
corpus
body
85.7%
bellum gero
wage war
81%
cena
meal
81%
circum
around
81%
cenae
meals
81%
clamo
shout
81%
clamor
noise
81%
clamoris
noises
81%
clarus, clara, clarum
famous
81%
corporis
bodies
81%
cum+ablative
with
81%
custodio
guard
81%
custos
guard
81%
custodis
guards
81%
cogito
think
76.2%
consul
consul
76.2%
Hint
Answer
% Correct
consumo
eat
76.2%
contra
against
76.2%
curro
run
76.2%
castra
camp
71.4%
castrorum
camps
71.4%
consulis
consuls
71.4%
cum
when
71.4%
cur?
why?
71.4%
benignus
kind
66.7%
cado
fall
66.7%
celer, celeris, celere
fast
66.7%
consilium
plan
66.7%
constituo
decide
66.7%
crudelis, crudele
cruel
66.7%
credo
trust
66.7%
cogo
force
61.9%
consilii
plans
61.9%
cras
tomorrow
61.9%
cura
care
61.9%
curae
cares
61.9%
celo
hide
57.1%
comes
comrade
57.1%
ceteri, ceterae, cetera
the rest
52.4%
comitis
comrades
52.4%
conor
try
52.4%
cupio
want
52.4%
convenio
meet
47.6%
coepi
begin
42.9%
cognosco
find out
38.1%
copiae
troops
38.1%
copiarum
troops
38.1%
conspicio
notice
33.3%
conficio
finish
28.6%
Quiz Playlist
Details
Report
Send in Message
Add To Playlist
Classic:
Type in answers that appear in a list
Last Updated: May 9, 2017
Quiz Scoreboard
CHALLENGE
Sign Up to Join the Scoreboard
Show All
Scores
Hide
Comments
May contain spoilers
Recently Published
1-10 Letter E Words III
by El_Dandy
Language
2m
Street Fighter Characters
by Artimus82
Gaming
60s
College Basketball Coaching Resumes
by pancakes188
Sports
9m
More to Explore
Quiz From the Vault
Featured Blog Post
Where Did the Easter Bunny Come From?
hide this ad
You Might Also Like...
Tags
Latin Quiz
Vocabulary Quiz
gcse
Today's Top Quizzes in Language
Browse Language
hide this ad
Today's Top Quizzes in Latin
Browse Latin
Top Contributed Quizzes in Language
1
1-10 Letter F Words III
2
1-10 Letter G Words III
3
1-10 Letter H Words III
4
Celtic Nations in their Language
5
1-10 Letter I Words III
6
Alphabetize! : 'As' words
7
One Thing in Common: Italy
8
1-10 Letter J Words III
9
Order Up: Top 10 Most Native Spoken Languages
10
1-10 Letter K Words III
Explore More
Trending Topics
Kpop
Crossword
NBA
Anime
Marvel
Harry Potter
Disney
Puzzle
NFL
Pokémon
Song
Soccer
Country
The Office
WWE
hide this ad
More By:
Lauren_1327
Quiz
Plays
Rating
Category
Featured
Created
GCSE Latin Vocabulary A
30
Language
May 9, 2017
Latin GCSE Vocabulary B+C
21
Language
May 9, 2017
GCSE Latin Vocabulary i
18
Language
May 11, 2017
GCSE Latin Vocabulary D+E
17
Language
May 10, 2017
GCSE Latin Vocabulary N+O
11
Language
May 11, 2017
Go to Creator's Profile
Score Distribution
Quiz Creator Spotlight
Lauren_1327
Follow
Send a Message
Quizzes Created
-
Created Quiz Play Count
-
More By This Creator
Popular Quizzes Today
1
Find the US States - No Outlines Minefield
2
Find the Countries of Europe - No Outlines Minefield
3
Find the US States
4
The Countries of the World
5
Risky Map Clicking: Biggest States A-Z
6
US States
7
Popular People in 1961
8
Movies - When Are They Set?
More Language Quizzes
6-Letter Vocabulary (Hard)
Published
Trending Quizzes
Risky Map Clicking: Least Populous States A-Z
1-10 Letter G Words
Countries of the World: 200 Million BC
1-10 Letter F Words
Risky Map Clicking: Next State Alphabetically
Recently Updated
Rides in Walt Disney World
pecheneg
Most Oscar Losses (Acting)
pecheneg
Beyoncé Albums
pecheneg
Leaping Animals
pecheneg
Reality TV Shows (A-Z)
bhenderson79
Rickey Henderson's Hall of Fame Teammates
pecheneg
Champions League XIs: Arsenal
pecheneg
Quick Pick: Celebrities in WWE's Hall of Fame
aduchscher
A-Z Keypad Blitz II
pecheneg
Trending Topics
Kpop
Crossword
Anime
NBA
Marvel
Disney
Harry Potter
Puzzle
Soccer
Country
WWE
Pokémon
Song
The Office
NFL
Your Account Isn't Verified!
In order to create a playlist on Sporcle, you need to verify the email address you used during registration. Go to your
Sporcle Settings
to finish the process.
Report this User
Report this user for behavior that violates our
Community Guidelines
.
Details:
Send Report
Go to the Sporcle.com Mobile Site →
Comments